000 01124nam a2200313 i 4500
001 000026256
003 DO-SdBNP
005 20250204083504.0
007 ta
008 110307s1997 dr ab 000 0 spa d
040 _aDO-SdBNP
_bspa
_cBNPHU
_erda
082 4 _a972.93053
_bC955h
_222
100 1 _aCruz González, Alcibíades,
_d1954 -
_945418
_eautor
_4aut.
245 1 4 _aLas heroínas de Salcedo en un ojo de agua /
_cAlcibíades Cruz González.
250 _aPrimera edición
264 _aSanto Domingo :
_bImpresos COBE, S.A.,
_c@1997.
300 _a219 páginas :
_bmapas, retratos ;
_c23 cm.
336 _atexto
_btxt
_2rdacontent
337 _amediación
_bn
_2rdamedia
338 _avolumen
_bnc
_2rdacarrier
590 _aInventariado, 2020/BT
600 1 4 _aMirabal Reyes, Minerva,
_d1926-1960
_945419
600 1 0 _aMirabal, Patria,
_d1924-1960
_945420
600 1 0 _aMirabal, Maria Teresa,
_d1935-1960
_945421
600 1 4 _aCruz, Rufino de la,
_d1923-1960
_945422
651 4 _aSalcedo (República Dominicana{Rpara}
_xHistoria Local
_945423
910 _aValidado. Control de calidad MMOLINA
942 _2ddc
_cLBS1
999 _c25748
_d25748